[Event "Senta op 22nd"]
[Site "Senta"]
[Date "2018.07.17"]
[Round "5"]
[White "Ilicin, Mladen"]
[Black "Lorincz, Laszlo"]
[Result "1-0"]
[WhiteElo "2092"]
[BlackElo "1804"]
[PlyCount "55"]
[EventDate "2018.07.14"]
[EventType "swiss"]
[EventRounds "9"]
[EventCountry "SRB"]
[SourceTitle "CBM 185 Extra"]
[Source "ChessBase"]
[SourceDate "2018.07.29"]
[SourceVersion "1"]
[SourceVersionDate "2018.07.29"]
[SourceQuality "1"]

1. e4 c5 2. Nf3 Nc6 3. d4 Nxd4 4. Nxd4 cxd4 5. Qxd4 d6 6. Nc3 Bd7 7. g3 a6 8. Bg2 Bc6 9. 0-0 h6 10. Be3 Nf6 11. Nd5 e6 12. Nb4 e5 13. Qd3 Rc8 14. Nxc6 Rxc6 15. c4 Be7 16. b4 0-0 17. b5 Rc8 18. Bf3 Ra8 19. a4 Qc7 20. Rfc1 b6 21. bxa6 Rxa6 22. c5 Qb7 23. cxb6 Qa8 24. Qb5 Rb8 25. a5 Bd8 26. Rc6 Qb7 27. Rxd6 Rba8 28. Be2 1-0

[Event "Senta-ch"]
[Site "Senta"]
[Date "2016.01.30"]
[Round "5"]
[White "Kecskemeti, Arpad"]
[Black "Lorincz, Laszlo"]
[Result "1-0"]
[WhiteElo "2194"]
[BlackElo "1833"]
[PlyCount "45"]
[EventDate "2016.01.22"]
[EventType "swiss"]
[EventRounds "9"]
[EventCountry "SRB"]
[SourceTitle "CBM 170 Extra"]
[Source "ChessBase"]
[SourceDate "2016.02.25"]
[SourceVersion "1"]
[SourceVersionDate "2016.02.25"]
[SourceQuality "1"]

1. e4 c5 2. Nf3 Nc6 3. d4 cxd4 4. Nxd4 d6 5. Nc3 Bd7 6. Be3 Nf6 7. f3 a6 8. Qd2 g6 9. g4 Bg7 10. h4 h6 11. a4 Qc7 12. Nxc6 Bxc6 13. a5 Nd7 14. Bd4 Bxd4 15. Qxd4 0-0-0 16. b4 e5 17. Qe3 h5 18. g5 Nb8 19. Ra3 d5 20. Bh3+ Bd7 21. Nxd5 Qd6 22. Rd3 Qf8 23. Qb6 1-0

[Event "Senta-ch"]
[Site "Senta"]
[Date "2015.02.06"]
[Round "4"]
[White "Kecskemeti, Arpad"]
[Black "Lorincz, Laszlo"]
[Result "1-0"]
[WhiteElo "2036"]
[BlackElo "1808"]
[PlyCount "63"]
[EventDate "2015.01.30"]
[EventType "swiss"]
[EventRounds "9"]
[EventCountry "SRB"]
[SourceTitle "EXT 2016"]
[Source "ChessBase"]
[SourceDate "2015.10.08"]
[SourceVersion "1"]
[SourceVersionDate "2015.10.08"]
[SourceQuality "1"]

1. e4 c5 2. Nf3 d6 3. d4 cxd4 4. Nxd4 g6 5. Be3 Bg7 6. Nc3 Nf6 7. f3 a6 8. Qd2 b5 9. g4 Bb7 10. 0-0-0 Qa5 11. Kb1 Nc6 12. h4 h5 13. Nb3 Qc7 14. g5 Nd7 15. Nd5 Qc8 16. f4 Nd8 17. Nxe7 Kxe7 18. Qxd6+ Ke8 19. Bh3 Bc6 20. Bc5 Bf8 21. Bxd7+ Bxd7 22. Qe5+ Ne6 23. Bxf8 Rxf8 24. f5 Qc7 25. Rd6 Rc8 26. c3 a5 27. fxe6 Bxe6 28. Rxe6+ fxe6 29. Qxe6+ Qe7 30. Qxc8+ Kf7 31. Rf1+ Kg8 32. Qxf8+ 1-0

[Event "Senta op-B 16th"]
[Site "Senta"]
[Date "2012.07.15"]
[Round "2"]
[White "Toth, Kazmer"]
[Black "Lorincz, Laszlo"]
[Result "1-0"]
[WhiteElo "1984"]
[BlackElo "1794"]
[PlyCount "57"]
[EventDate "2012.07.14"]
[EventType "swiss"]
[EventRounds "9"]
[EventCountry "SRB"]
[SourceTitle "CBM 149 Extra"]
[Source "ChessBase"]
[SourceDate "2012.08.24"]
[SourceVersion "1"]
[SourceVersionDate "2012.08.24"]
[SourceQuality "1"]

1. d4 d5 2. c4 Nf6 3. Nc3 e6 4. Nf3 Be7 5. cxd5 exd5 6. g3 h6 7. Bg2 c6 8. 0-0 Be6 9. a3 0-0 10. Ne5 Qc8 11. f4 Bh3 12. e3 Bxg2 13. Kxg2 Nbd7 14. h3 Ne8 15. Bd2 Nxe5 16. dxe5 f6 17. exf6 Bxf6 18. Qc2 Nd6 19. Rae1 Bxc3 20. Bxc3 Ne4 21. Be5 Qe6 22. Rd1 Qf5 23. Qb3 Rf7 24. Rd4 Nc5 25. Qd1 Ne4 26. b4 a6 27. Qb3 Qg6 28. Rf3 Qe6 29. Rxe4 1-0

[Event "Senta op-B 15th"]
[Site "Senta"]
[Date "2011.07.16"]
[Round "1"]
[White "Pajzer, Istvan"]
[Black "Lorincz, Laszlo"]
[Result "1-0"]
[WhiteElo "2144"]
[BlackElo "1804"]
[PlyCount "89"]
[EventDate "2011.07.16"]
[EventType "swiss"]
[EventRounds "9"]
[EventCountry "SRB"]
[SourceTitle "EXT 2019"]
[Source "ChessBase"]
[SourceDate "2018.10.10"]
[SourceVersion "1"]
[SourceVersionDate "2018.10.10"]
[SourceQuality "1"]

1. e4 c5 2. Nf3 Nc6 3. Bb5 Qb6 4. Nc3 e6 5. Bxc6 Qxc6 6. 0-0 d6 7. d4 Nf6 8. d5 Qb6 9. dxe6 Bxe6 10. Nd5 Qd8 11. c3 a6 12. Bg5 Be7 13. Bxf6 Bxf6 14. Nxf6+ gxf6 15. Qd2 Qe7 16. Rfd1 0-0-0 17. b4 Rhg8 18. Rab1 Bg4 19. Qf4 Qe6 20. Rd2 Bh3 21. Ne1 Rg4 22. Qe3 Rdg8 23. Qxh3 Rxg2+ 24. Qxg2 Rxg2+ 25. Nxg2 Qxe4 26. Re1 Qc4 27. Rxd6 Qxc3 28. bxc5 Qxc5 29. Rxf6 Qd5 30. a4 Qc4 31. a5 Kb8 32. Rb6 Qc5 33. Reb1 Kc8 34. Rxb7 Qxa5 35. Rxf7 Qa2 36. Rc1+ Kd8 37. Rxh7 a5 38. Rd1+ Ke8 39. Re1+ Kd8 40. h4 a4 41. h5 a3 42. h6 Qd2 43. Rh8+ Kc7 44. h7 Qh6 45. Ra8 1-0

[Event "Senta January op"]
[Site "Senta"]
[Date "2011.01.30"]
[Round "5"]
[White "Lorincz, Laszlo"]
[Black "Aleksic, Zvonimir"]
[Result "1-0"]
[WhiteElo "1812"]
[BlackElo "1985"]
[PlyCount "111"]
[EventDate "2011.01.21"]
[EventType "swiss"]
[EventRounds "9"]
[EventCountry "SRB"]
[SourceTitle "CBM 140 Extra"]
[Source "ChessBase"]
[SourceDate "2011.03.01"]
[SourceVersion "1"]
[SourceVersionDate "2011.03.01"]
[SourceQuality "1"]

1. d4 Nf6 2. Nf3 g6 3. Bf4 Bg7 4. Nbd2 0-0 5. e4 d6 6. Bc4 Nc6 7. c3 Nh5 8. Be3 e5 9. dxe5 dxe5 10. Bc5 Re8 11. 0-0 Be6 12. Be3 h6 13. Qc2 Qe7 14. Rad1 Rad8 15. Bb5 Bd7 16. Nb3 b6 17. Qc1 Kh7 18. Bc4 Bg4 19. Be2 Rxd1 20. Rxd1 Nd8 21. h3 Bd7 22. Bc4 Ne6 23. Kh2 c5 24. Nbd2 Nef4 25. Nf1 Bc6 26. Bd5 Bxd5 27. exd5 e4 28. Ng1 Nd3 29. Qc2 Qd6+ 30. Kh1 Qxd5 31. b3 Qe5 32. c4 f5 33. g3 f4 34. gxf4 Ndxf4 35. Ng3 Qe6 36. Kh2 Bf8 37. Qd2 Bg7 38. Bxf4 Nxf4 39. Qxf4 Be5 40. Qg4 Qf6 41. Rd7+ Kh8 42. Kg2 Bd4 43. Qe2 Qc6 44. Rd5 Qe6 45. Qg4 Qf7 46. Qe2 Qf4 47. Rd7 e3 48. fxe3 Rxe3 49. Qf2 Qxg3+ 50. Qxg3 Rxg3+ 51. Kxg3 Bxg1 52. Rxa7 g5 53. Rb7 Bd4 54. Kg4 Bg7 55. Kh5 Kg8 56. Kg6 1-0

[Event "Senta January op"]
[Site "Senta"]
[Date "2011.01.29"]
[Round "4"]
[White "Markus, Tibor"]
[Black "Lorincz, Laszlo"]
[Result "1-0"]
[WhiteElo "1851"]
[BlackElo "1812"]
[PlyCount "89"]
[EventDate "2011.01.21"]
[EventType "swiss"]
[EventRounds "9"]
[EventCountry "SRB"]
[SourceTitle "CBM 140 Extra"]
[Source "ChessBase"]
[SourceDate "2011.03.01"]
[SourceVersion "1"]
[SourceVersionDate "2011.03.01"]
[SourceQuality "1"]

1. e4 e5 2. Nf3 Nc6 3. Bc4 h6 4. a3 Nf6 5. d3 Bc5 6. h3 a6 7. Nc3 d6 8. Be3 Ba7 9. Qd2 Be6 10. Ba2 Qd7 11. Bxa7 Rxa7 12. 0-0 Nh5 13. Qe3 Nf4 14. Bxe6 Qxe6 15. Kh2 Ra8 16. b3 g5 17. Ne2 Ng6 18. c4 0-0 19. Nc3 Rac8 20. Nd5 f5 21. exf5 Qxf5 22. Qe4 Nf4 23. Nxf4 Qxf4+ 24. Kg1 Qxe4 25. dxe4 Rf4 26. Nd2 Nd4 27. f3 Rcf8 28. b4 b6 29. a4 Rb8 30. Rfb1 Rff8 31. Kf2 Kf7 32. Nf1 Ke6 33. Ne3 h5 34. Ra3 c6 35. b5 axb5 36. axb5 cxb5 37. cxb5 Ra8 38. Ra6 Rxa6 39. bxa6 b5 40. Nd5 Kd7 41. a7 Kc6 42. Rc1+ Kb7 43. Rc7+ Ka6 44. Rd7 Rc8 45. a8Q+ 1-0

[Event "Senta op-B 13th"]
[Site "Senta"]
[Date "2009.07.22"]
[Round "6"]
[White "Bujic, Csaba"]
[Black "Lorincz, Laszlo"]
[Result "1-0"]
[WhiteElo "1945"]
[BlackElo "1855"]
[PlyCount "91"]
[EventDate "2009.07.18"]
[EventType "swiss"]
[EventRounds "9"]
[EventCountry "YUG"]
[SourceTitle "EXT 2012"]
[Source "ChessBase"]
[SourceDate "2011.11.24"]
[SourceVersion "1"]
[SourceVersionDate "2011.11.24"]
[SourceQuality "1"]

1. e4 c5 2. c3 d5 3. exd5 Qxd5 4. d4 cxd4 5. cxd4 e6 6. Nf3 Nc6 7. Nc3 Qd8 8. Bc4 Nf6 9. 0-0 Be7 10. d5 exd5 11. Nxd5 Nxd5 12. Bxd5 Nb4 13. Be4 0-0 14. Nd4 Bf6 15. Be3 Re8 16. f3 Rb8 17. Bf2 Na6 18. Rc1 Re7 19. Nc6 Qe8 20. Nxe7+ Qxe7 21. Bxa7 Ra8 22. b3 Be6 23. Bb6 Qb4 24. Be3 Rd8 25. Qc2 g6 26. Rfd1 Rc8 27. Qf2 Nc7 28. Bc5 Qb5 29. Bb6 Na6 30. Rxc8+ Bxc8 31. Rc1 Be6 32. Bxb7 Nb4 33. Be4 Nd3 34. Bxd3 Qxd3 35. Qe2 Qd6 36. Be3 Bf5 37. Qd2 Qa6 38. g4 Be6 39. g5 Be7 40. Qb2 Qd3 41. Re1 Bb4 42. Qe2 Qf5 43. Rd1 Be7 44. Qg2 Bd5 45. Qg4 Qc2 46. Rc1 1-0

[Event "Senta op-B 13th"]
[Site "Senta"]
[Date "2009.07.19"]
[Round "3"]
[White "Lorincz, Laszlo"]
[Black "Jaklin, Damir"]
[Result "0-1"]
[WhiteElo "1855"]
[BlackElo "2031"]
[PlyCount "52"]
[EventDate "2009.07.18"]
[EventType "swiss"]
[EventRounds "9"]
[EventCountry "YUG"]
[SourceTitle "EXT 2012"]
[Source "ChessBase"]
[SourceDate "2011.11.24"]
[SourceVersion "1"]
[SourceVersionDate "2011.11.24"]
[SourceQuality "1"]

1. d4 c5 2. Nf3 Nf6 3. a3 cxd4 4. Qxd4 Nc6 5. Qd1 g6 6. b3 Bg7 7. Bb2 0-0 8. e3 d5 9. Be2 Qc7 10. 0-0 a6 11. Nbd2 Rd8 12. c4 e5 13. cxd5 Nxd5 14. Rc1 Qe7 15. Qc2 e4 16. Ne1 f5 17. b4 Be6 18. Nb3 Ndxb4 19. axb4 Nxb4 20. Qc5 Qxc5 21. Nxc5 Bxb2 22. Rd1 Rxd1 23. Bxd1 Bc4 24. Bb3 Bxb3 25. Nxb3 a5 26. f3 a4 0-1